FRIENDS weddings and babies Quiz Stats

 Plays Quiz not verified by Sporcle

Challenge
Share
Tweet
Embed
Score 0/10 Timer 04:00
0 Plays Today
% Correct
ross and rachel
96.3%
emma
96.2%
2
96%
frank
95.3%
london
94.8%
mindy
85.8%
jack
72.5%
chandler frank leslie
72.1%
carol and susans
68.9%
ross and carol
60.1%

You're not logged in!

Compare scores with friends on all Sporcle quizzes.
Join for Free
OR
Log In

You Might Also Like...

Show Comments

Extras

Created Apr 30, 2010ReportNominate
Tags:baby, wedding

Top Quizzes Today


Score Distribution

Your Account Isn't Verified!

In order to create a playlist on Sporcle, you need to verify the email address you used during registration. Go to your Sporcle Settings to finish the process.

Report this User

Report this user for behavior that violates our Community Guidelines.

Details: